00429 2200169 4500001002100000005001500021008004100036020001800077035001900095041000700114082000800121090001400129100002000143245003100163260003400194300003100228INLIS00000000000090720241224112242241224||||||||| | ||| |||| || |  a979-96055-1-2 0010-1224000907 aid0 a340 a340 SOE k0 aWartini Soegeng00aKebangsaan Kapal Indonesia aBandungbRefika Aditamac2002 aviii, 163 hlm; ilus; 24 cm